LEADER 00819naa a2200193 u 4500 001 000000095315 003 CaOOAMICUS 005 20070226130142.0 008 040624s1978 it u000 u ita u 035 $a11001935 040 $aIAR$bita 100 1 $aBrezzi, Paolo,$d1910-1998.$0(OLS)http://pul/name/724 245 12$aL'esperienza cistercense e la cultura europea /$cPaolo Brezzi. 260 $aRoma :$bMultigrafica,$c1978. 300 $aS. 141-143, :$bill., ;$c28 cm 773 0 $aI Cistercensi e il Lazio. 773 0 $tI Cistercensi e il Lazio : atti delle giornate di studio dell'Istituto di Storia dell'Arte dell'Università di Roma, 17-21 maggio, 1977$w()5020 996 $6245$aL'esperienza cistercense e la cultura europea$9(OLS)http://pul/title/122188 996 $6260$aRoma :$bMultigrafica$9(OLS)http://pul/publisher/49684 LEADER 01168nam a2200265 a 4500 001 000000118003 003 CaOOAMICUS 005 20091117101201.0 008 091117s2009 it u000 u ita r 020 $z88-548-2623-6* 040 $aPUL$bita$dReb 100 1 $aTuroldo, Fabrizio.$0(OLS)http://pul/name/73677 245 10$aPolemiche di metafisica :$bquattro dibattiti sull'Essere, il Nulla e il Divenire /$cFabrizio Turoldo. 260 $aRoma :$bAracne,$c2009. 300 $a186 p. ;$c21 cm. 490 1 $aA11 ;$v431. 504 $aBibliografia in nota. 650 4$aMetafisica.$0(OLS)http://pul/subject/433 830 0$aA 11. Scienze storiche, filosofiche, pedagogiche e psicologiche (Aracne) ;$v431.$0(OLS)http://pul/title/136508 850 $aPUL 852 $aPUL$W1$xSL Filosofia 3$y81$m110 TURFA 1$j135436$qDDC 21$B134407$CPULBib$Z2$F134407 $H111592 $82 941 1 $a9 996 $6020$z88-548-2623-6*$9(OLS)http://pul/number/142382 996 $6245$aPolemiche di metafisica :$bquattro dibattiti sull'Essere, il Nulla e il Divenire$9(OLS)http://pul/title/148520 996 $6260$aRoma :$bAracne$9(OLS)http://pul/publisher/62189